Countries Without A Military - Statistics

General Stats
  • This quiz has been taken 33 times
  • The average score is 19 of 22
Answer Stats
Continent Country % Correct
Europe Andorra
100%
Europe Monaco
100%
North America Costa Rica
93%
Oceania Kiribati
93%
Europe San Marino
93%
Europe Vatican City
93%
Europe Iceland
89%
Europe Liechtenstein
89%
Oceania Marshall Islands
89%
Oceania Micronesia
89%
Oceania Nauru
89%
North America Saint Lucia
89%
North America Grenada
86%
Oceania Tuvalu
86%
North America Dominica
82%
Oceania Palau
82%
North America Saint Vincent and the Grenadines
82%
Oceania Solomon Islands
79%
Africa Mauritius
75%
Oceania Vanuatu
71%
North America Panama
68%
Oceania Samoa
68%
No matching quizzes found
Score Distribution
Percent of People with Each Score
Percentile by Number Answered
Your Score History
You have not taken this quiz